[Event "HUN-chT2 Toth 1819"]
[Site "Hungary"]
[Date "2018.09.23"]
[Round "1.5"]
[White "Benke, Andras"]
[Black "Miseta, Zsuzsanna"]
[Result "0-1"]
[WhiteElo "1786"]
[BlackElo "1707"]
[PlyCount "64"]
[EventDate "2018.09.23"]
[EventType "team-tourn"]
[EventRounds "11"]
[EventCountry "HUN"]
[SourceTitle "EXT 2021"]
[Source "ChessBase"]
[SourceDate "2020.10.23"]
[SourceVersion "1"]
[SourceVersionDate "2020.10.23"]
[SourceQuality "1"]
[WhiteTeam "Kecskemet Toth Laszlo II"]
[BlackTeam "Mako Duocor II"]
[WhiteTeamCountry "HUN"]
[BlackTeamCountry "HUN"]

1. c4 d5 2. cxd5 Qxd5 3. Nc3 Qd8 4. e3 e5 5. h3 Nf6 6. b3 Bb4 7. Bb2 Qe7 8. a3 Bd6 9. Bd3 a6 10. Qc2 Be6 11. Nf3 h6 12. Ne4 Nxe4 13. Bxe4 Bc8 14. 0-0 Nd7 15. Rfe1 Nc5 16. Bd5 Nd7 17. b4 Nf6 18. Bb3 Be6 19. d4 Bxb3 20. Qxb3 e4 21. Nd2 0-0 22. Qc2 c6 23. f3 Rfe8 24. fxe4 Nxe4 25. Nxe4 Qxe4 26. Qxe4 Rxe4 27. g4 Rae8 28. Kf2 Be7 29. Kf3 Bg5 30. Bc1 Rxd4 31. exd4 Rxe1 32. Bb2 Re3+ 0-1